Riconosci gli Stati dal satellite - Quiz n°2 - Statistics

Statistiche generali
  • Questo quiz è stato fatto 7 volte
  • Il punteggio medio è 6 su 10
Statistiche sulle risposte
con Immagini Risposta % Corretto
Portogallo
100%
Sudan
100%
Croazia
86%
Svezia
86%
Svizzera
86%
Slovenia
57%
Saint Kitts e Nevis
43%
Giamaica
29%
Vanuatu
29%
Samoa
14%
Nessun quiz corrispondente trovato
Distribuzione punteggi
Percentuale di utenti per punteggio
Percentile per numero di risposta
I tuoi punteggi nel tempo
Non hai fatto questo quiz